Legislación: problemas jurídicos de la protección del patrimonio /
Guardado en:
| Hovedforfatter: | |
|---|---|
| Andre forfattere: | |
| Format: | Bog |
| Sprog: | Spanish |
| Tags: |
Tilføj Tag
Ingen Tags, Vær først til at tagge denne postø!
|
MARC
| LEADER | 00000nam a22000007a 4500 | ||
|---|---|---|---|
| 003 | cru CIDCACS/IIS | ||
| 005 | 20190131113107.0 | ||
| 007 | ta | ||
| 008 | 190130b1992 ag |||p|r||||||0| z|spa|d | ||
| 999 | |c 42143 |d 42143 | ||
| 040 | |c cru CIDCACS/IIS | ||
| 100 | 1 | |9 8293 |a Bóscolo, Ana María | |
| 245 | 1 | |a Legislación: |b problemas jurídicos de la protección del patrimonio / |c Ana María Bóscolo | |
| 300 | |a páginas 125-146 | ||
| 700 | 1 | |9 8292 |a Hardoy, Jorge Enrique | |
| 773 | 0 | |0 42141 |9 2636 |a Instituto Internacional de Medio Ambiente y Desarrollo |d Buenos Aires, Argentina: IIED-América Latina |o 17567 |t Medio Ambiente y Urbanización/ |x 03267857 | |
| 942 | |2 ddc |c PP | ||
